|
|
|
|
| LEADER |
04190nam a22005655i 4500 |
| 001 |
978-88-470-0601-0 |
| 003 |
DE-He213 |
| 005 |
20151204152936.0 |
| 007 |
cr nn 008mamaa |
| 008 |
100301s2008 it | s |||| 0|ita d |
| 020 |
|
|
|a 9788847006010
|9 978-88-470-0601-0
|
| 024 |
7 |
|
|a 10.1007/978-88-470-0601-0
|2 doi
|
| 040 |
|
|
|d GrThAP
|
| 050 |
|
4 |
|a HJ9-9940
|
| 072 |
|
7 |
|a KFFD
|2 bicssc
|
| 072 |
|
7 |
|a BUS051000
|2 bisacsh
|
| 082 |
0 |
4 |
|a 336
|2 23
|
| 100 |
1 |
|
|a Pascucci, Andrea.
|e author.
|
| 245 |
1 |
0 |
|a Calcolo stocastico per la finanza
|h [electronic resource] /
|c by Andrea Pascucci.
|
| 264 |
|
1 |
|a Milano :
|b Springer Milan :
|b Imprint: Springer,
|c 2008.
|
| 300 |
|
|
|a XV, 514 pagg.
|b online resource.
|
| 336 |
|
|
|a text
|b txt
|2 rdacontent
|
| 337 |
|
|
|a computer
|b c
|2 rdamedia
|
| 338 |
|
|
|a online resource
|b cr
|2 rdacarrier
|
| 347 |
|
|
|a text file
|b PDF
|2 rda
|
| 490 |
1 |
|
|a UNITEXT,
|x 2038-5714
|
| 505 |
0 |
|
|a Derivati e arbitraggi -- Elementi di probabilità ed equazione del calore -- Modelli di mercato a tempo discreto -- Processi stocastici a tempo continuo -- Integrale stocastico -- Equazioni paraboliche a coefficienti variabili: unicità -- Modello di Black&Scholes -- Equazioni paraboliche a coefficienti variabili: esistenza -- Equazioni differenziali stocastiche -- Modelli di mercato a tempo continuo -- Opzioni Americane -- Metodi numerici -- Introduzione al calcolo di Malliavin.
|
| 520 |
|
|
|a Questo testo propone un’introduzione ai metodi matematici, probabilistici e numerici che sono alla base dei modelli per la valutazione degli strumenti derivati, come opzioni e futures, trattati nei moderni mercati finanziari. Il libro è rivolto a lettori con formazione scientifica, desiderosi di sviluppare competenze nell’ambito del calcolo stocastico applicato alla finanza. La prima parte è dedicata ad una presentazione dei modelli per i mercati in tempo discreto in cui le idee sui principi di valutazione sono illustrate in modo semplice e intuitivo. Contemporaneamente sono forniti gli elementi di base della teoria della probabilità. Successivamente la teoria dell’integrazione e del calcolo stocastico in tempo continuo viene sviluppata in maniera rigorosa ma, per quanto possibile, snella. Viene posta una particolare enfasi sui legami fra la teoria delle equazioni differenziali stocastiche e degli operatori alle derivate parziali di evoluzione. Il classico modello di Black&Scholes viene analizzato in dettaglio sia con un approccio analitico, sia nell’ambito della teoria delle martingale. La trattazione punta ad essere chiara e rigorosa piuttosto che onnicomprensiva, proponendo una comprensione approfondita del problema della valutazione e copertura di opzioni Call e Put come punto di partenza per l’affronto di strumenti derivati esotici. Data la loro importanza vengono studiate le opzioni di tipo Americano e alcuni tra i più noti derivati "path-dependent" come le opzioni Asiatiche e con barriera. Un capitolo è dedicato ad illustrare i più noti modelli di volatilità stocastica che generalizzano l’analisi di Black&Scholes. Infine la teoria precedente è accompagnata dalla descrizione dei principali metodi numerici per la valutazione di opzioni: il metodo Monte Carlo, gli alberi binomiali, i metodi alle differenze finite.
|
| 650 |
|
0 |
|a Mathematical analysis.
|
| 650 |
|
0 |
|a Analysis (Mathematics).
|
| 650 |
|
0 |
|a Partial differential equations.
|
| 650 |
|
0 |
|a Applied mathematics.
|
| 650 |
|
0 |
|a Engineering mathematics.
|
| 650 |
|
0 |
|a Economics, Mathematical.
|
| 650 |
|
0 |
|a Mathematical models.
|
| 650 |
|
0 |
|a Public finance.
|
| 650 |
1 |
4 |
|a Economics.
|
| 650 |
2 |
4 |
|a Public Economics.
|
| 650 |
2 |
4 |
|a Analysis.
|
| 650 |
2 |
4 |
|a Applications of Mathematics.
|
| 650 |
2 |
4 |
|a Quantitative Finance.
|
| 650 |
2 |
4 |
|a Partial Differential Equations.
|
| 650 |
2 |
4 |
|a Mathematical Modeling and Industrial Mathematics.
|
| 710 |
2 |
|
|a SpringerLink (Online service)
|
| 773 |
0 |
|
|t Springer eBooks
|
| 776 |
0 |
8 |
|i Printed edition:
|z 9788847006003
|
| 830 |
|
0 |
|a UNITEXT,
|x 2038-5714
|
| 856 |
4 |
0 |
|u http://dx.doi.org/10.1007/978-88-470-0601-0
|z Full Text via HEAL-Link
|
| 912 |
|
|
|a ZDB-2-SMA
|
| 950 |
|
|
|a Mathematics and Statistics (Springer-11649)
|